| 000 | 00475nam a22001817a 4500 | ||
|---|---|---|---|
| 020 | _a9789390165865 | ||
| 082 |
_aM3 _bVIS/K.3 |
||
| 100 | _aVishnu M C | ||
| 245 |
_aKaanthamalacharitham: _byudhakandam/ (Part 3) _cby Vishnu M C |
||
| 250 | _a6th ed. | ||
| 260 |
_aPalakkad: _bLogos Books, _c2025. |
||
| 300 | _a375p. | ||
| 490 | _aA Book Series From ERA Universe | ||
| 650 | _aNovel Malayalam | ||
| 650 | _aLiterature Malayalam | ||
| 650 | _aLiterature | ||
| 942 | _cBK | ||
| 999 |
_c181979 _d181979 |
||